En savoir plus sur les objets du quotidien - Statistiques

Statistiques générales
  • Ce quiz a été pris 23 fois
  • Le résultat moyen est 3 sur 25
Statistiques - réponses
Question Réponse % Correct
Les premiers ciseaux ont été inventés pour couper la peau et les tissus humains
67%
Le premier aliment chauffé par un micro-onde a été du chocolat
33%
La partie bleue d'une gomme traditionnelle sert à effacer sur du carton
33%
Le trou sur le manche d'une casserole ou d'une poêle sert à Mettre une cuillère
33%
Les coton-tiges ont été créés pour Nettoyer le nombril des bébés
33%
Qui a inventé le post it ? Spencer Silver
33%
Quel a été le premier usage des lacets ? Tenir les sandales aux pieds
33%
A l'origine le coca-cola est une boisson tonique
33%
Le ketchup moderne contient de la tomate mais combien ? 80 %
0%
A quoi ne sert pas le trou du capuchon des stylos bille ? à facilier sa fabrication
0%
Qui a inventé le stylo bille ? Biro
0%
Les premières brosses à dents étaient en crins de sanglier
0%
Le mot "velcro" vient de deux mots français
0%
Le mot "robot" vient... du tchèque
0%
La carte à puce est une invention française
0%
Qui a fait entrer le mot "mascotte" dans la langue française ? Frédéric Mistral
0%
Quelle actrice est considérée comme à l'origine de l'invention du Wi-fi ? Hedy Lamarr
0%
Le mot Jean's est d'origine Italienne
0%
A l'origine les fusils de paintball servaient à marquer le bétail
0%
Pour quel instrument a-t-on inventé le métronome ? Piano
0%
La pâte à modeler Play-Doh a été commercialisée pour enlever des taches sur du papier
0%
Pourquoi les talons hauts ont-ils été inventés au Xe siècle ? Pour monter à cheval
0%
Le viagra a été breveté pour soigner... une maladie cardiaque
0%
Que voulait créer les inventeurs du papier bulle ? un papier peint lavable
0%
Avant de devenir un jeu, le frisbee était Un plat à tarte
0%
Aucun quiz correspondant
Distribution des résultats
% des personnes avec chaque résultat
Percentile par nombre de réponses
Votre historique - résultats
Vous n’avez pas pris ce quiz